| 000 | 01301cam a2200361 a 4500 | ||
|---|---|---|---|
| 001 | 12084279 | ||
| 003 | OSt | ||
| 005 | 20140310184439.0 | ||
| 008 | 000628s2001 nyua b 000 1 eng | ||
| 010 | _a 00055305 | ||
| 020 | _a0439326524 | ||
| 040 |
_aDLC _cDLC _dDLC |
||
| 042 | _alcac | ||
| 050 | 0 | 0 |
_aPZ 7 _b.P2197J15 2001 |
| 100 | 1 |
_aPark, Barbara. _96412 |
|
| 245 | 1 | 0 |
_aJunie B. Jones is Captain Field Day / _c Barbara Park ; illustrated by Denise Brunkus. |
| 260 |
_aNew York : _bRandom House, _c2001. |
||
| 300 |
_a66 p. : _bill. ; _c21 cm. |
||
| 490 | 1 |
_aThe Junie B. Jones series ; _v#16 |
|
| 521 | _aG2 | ||
| 526 | _c310 | ||
| 650 | 1 |
_aWinning and losing _vFiction. _927436 |
|
| 650 | 1 |
_aKindergarten _vFiction. _927437 |
|
| 650 | 1 |
_aSchools _vFiction. _927438 |
|
| 700 | 1 |
_aBrunkus, Denise, _eill. _927439 |
|
| 800 | 1 |
_aPark, Barbara. _tJunie B. Jones series ; _v#16. _927440 |
|
| 856 | 4 | 2 |
_3Publisher description _uhttp://www.loc.gov/catdir/description/random047/00055305.html |
| 906 |
_a7 _bcbc _corignew _d1 _eocip _f20 _gy-gencatlg |
||
| 942 |
_2lcc _cBK-SCHOLAS |
||
| 999 |
_c34445 _d34445 |
||